| 000 | 010310000a22001810004500 | ||
|---|---|---|---|
| 020 | _a0-8042-3015-3 | ||
| 041 | 0 | _aEng. | |
| 082 | 0 | 4 | _aG 224.907 G138b |
| 100 | 1 | _aGailey, James H. | |
| 245 | 1 | 0 | _aThe book of Micah , the book of Nahum , the book of Habakkuk , the book of Zephaniah , the book of Haggai , the book of Zechariah , the book of Malachi / James H. Gailey, Jr. |
| 260 | _aRichmond, Virginia : John Knox Press. | ||
| 300 | _a144 p., vol. 15. | ||
| 440 | 0 | _aThe Layman's Bible Commenary | |
| 505 | 0 | 0 | _aIntroducción, autoría, forma y contenido, mensaje, esbozo, y comentario de Miqueas, Nahúm, Habacuc, Sofonías, Hageo, Zacarías, y Malaquías. |
| 650 | 1 | 4 | _aBIBLIA A.T. \ PROFETAS \ BIBLIA A.T. - PROFETAS MENORES \ BIBLIA A.T. - MIQUEAS - COMENTARIOS \ BIBLIA A.T. - NAHUM - COMENTARIOS \ BIBLIA A.T. - HABACUC - COMENTARIOS \ BIBLIA A.T. - SOFONIAS - COMENTARIOS \ BIBLIA A.T. - HAGEO - COMENTARIOS \ BIBLIA A.T. - ZACARIAS - COMENTARIOS \ BIBLIA A.T. - MALAQUIAS - COMENTARIOS |
| 001 | 17612 | ||
| 942 | _cBK | ||
| 999 |
_c44268 _d44268 |
||